000
00277nam a22001217a 4500
008
131217t xxu||||| |||| 00| 0 eng d
020
_a
0-14-070701-8
100
_a
Shakespeare
_9
465
245
_a
Romeo and Juliet
246
_a
romeo and juliet
300
_a
000
942
_2
ddc
_c
BK
999
_c
16737
_d
16737